000 00526nam a2200193 a 4500
005 20140310183211.0
008 011011s19uu xx 00 eng d
020 _a0079132022
050 _aPN 1655
_b.W 57 1998
100 _aWilson, Edwin
245 _aThe Theater experience /
_cEdwin Wilson.
260 _aNew York :
_bThe McGraw- Hill Companies, Inc,
_c1998.
300 _a494 p. :
_bcol. ill. ;
_c23 cm.
500 _aIncludes index.
521 _aMC
650 _aTheater
942 _cBK
_2lcc
_kFOR
999 _c20142
_d20142